Fisiología general y química biológica / (Record no. 67989)

MARC details
000 -LEADER
campo de control de longitud fija 00545nam a2200181 i 4500
001 - NÚMERO DE CONTROL
campo de control 67989
003 - IDENTIFICADOR DE NÚMERO DE CONTROL
campo de control ES-MaACL
005 - FECHA Y HORA DE LA ÚLTIMA TRANSACCIÓN
campo de control 20230906170201.0
007 - CAMPO FIJO DE DESCRIPCIÓN FÍSICA--INFORMACIÓN GENERAL
campo de control de longitud fija t|
008 - DATOS DE LONGITUD FIJA--INFORMACIÓN GENERAL
campo de control de longitud fija 040217s1961 sp ||||1| spa d
100 1# - ENTRADA PRINCIPAL--NOMBRE DE PERSONA
Nombre de persona Gandarias Bajón, Juan Manuel de (
Fechas asociadas al nombre 1921-2011)
9 (RLIN) 53829
245 10 - MENCIÓN DEL TÍTULO
Título Fisiología general y química biológica /
Mención de responsabilidad, etc. J.M. Gandarias.
260 ## - PUBLICACIÓN, DISTRIBUCIÓN, ETC.
Lugar de publicación, distribución, etc. Salamanca :
Nombre del editor, distribuidor, etc. [s.n.],
Fecha de publicación, distribución, etc. 1961.
300 ## - DESCRIPCIÓN FÍSICA
Extensión XII, 362 p. :
Otras características físicas il. ;
Dimensiones 25 cm.
500 ## - NOTA GENERAL
Nota general Es el Vol. 1º.
650 #4 - PUNTO DE ACCESO ADICIONAL DE MATERIA--TÉRMINO DE MATERIA
Término de materia o nombre geográfico como elemento de entrada Fisiología.
9 (RLIN) 136120
852 ## - LOCALIZACIÓN
Ubicación ES-MaACL
Número de control de estantería B-13883
Sublocalización o colección R.47909
Holdings
Estatus retirado Estado de pérdida Estado de daño No para préstamo Biblioteca de origen Biblioteca actual Ubicación en estantería Fecha de adquisición Fuente de adquisición Total de préstamos Signatura topográfica completa Código de barras Visto por última vez Precio de reemplazo Tipo de ítem Koha
        Biblioteca del Ateneo de Madrid Biblioteca del Ateneo de Madrid Sala Pardo Bazán 17/01/2008     B-13883 1071181 23/02/2023 23/02/2023 Libro impreso